| 000 | 00538nam a2200205Ia 4500 | ||
|---|---|---|---|
| 005 | 20140403111302.0 | ||
| 008 | 140130s9999 xx 000 0 und d | ||
| 020 | _a0590442619 | ||
| 050 |
_aPZ 7 _b.B7633Cgr 1985 |
||
| 100 |
_aBridwell, Norman _923197 |
||
| 245 |
_cNorman Bridwell _aClifford and the Grouchy neighbors / |
||
| 260 |
_bScholastic, _c1985. _aNew York : |
||
| 300 |
_a28 p. : _bcol. ill. ; _c23 cm. |
||
| 440 |
_v1 _931124 |
||
| 521 | _aG2 | ||
| 526 | _c350 | ||
| 942 |
_cBK _2lcc |
||
| 999 |
_c40174 _d40174 |
||